ExoSquad Able Squad Members Quiz Stats

 Plays Quiz not verified by Sporcle

Challenge
Share
Tweet
Embed
Score 0/8 Timer 01:00
0 Plays Today
Members of Able Squad % Correct
Lt. Cmdr. J.T. Marsh
88.9%
Sgt. Rita Torres
83.3%
Alec DeLeon
83.3%
Wolf Bronsky
83.3%
Marsala
83.3%
Lt. Nara Burns
77.8%
Lt. Margret 'Maggie' Weston
72.2%
Kaz Takagi
72.2%

You're not logged in!

Compare scores with friends on all Sporcle quizzes.
Join for Free
OR
Log In

You Might Also Like...

Show Comments

Extras

Top Quizzes Today


Score Distribution

Your Account Isn't Verified!

In order to create a playlist on Sporcle, you need to verify the email address you used during registration. Go to your Sporcle Settings to finish the process.

Report this User

Report this user for behavior that violates our Community Guidelines.

Details: